000 01099cam a22003137a 4500
003 CHAP
005 20220329134700.0
008 971013s1973 r 00010 d
010 _a24148
011 _a25120
035 _a29220
040 _cCHAP
082 _a371.3
_bB7Y
100 0 0 _aBriggs, Leslie J.
_915342
245 1 3 _aEl ordenamiento de secuencia en la intrucción con relación a los niveles de conocimiento
260 _aBuenos Aires :
_bGuadalupe,
_c1973
300 _a133 p.
490 0 _aBiblioteca pedagógica. Problemática de la Educación
_v; 13b
590 _aBATCH-UPD
_b10
_c20130110
_lUCH01
_h1800
590 _aBATCH-UPD
_b10
_c20130410
_lUCH01
_h1136
590 _aBATCH-UPD
_b10
_c20130914
_lUCH01
_h1019
590 _aCONVERSION
_b10
_c20130109
_lUCH01
_h1314
650 1 4 _aEnseñanza.
_937085
830 0 _aBiblioteca pedagógica. Problemática de la Educación
_v; 13b
_912458
901 _aBK
942 _cLIBRO
949 _a371.3 B7Y
_bBC
_cLIBRO
_d33724000145249
_eLIBRO
_h35558
_i29220
_si
949 _a371.3 B7Y
_bBC
_cLIBRO
_d33724000145314
_eLIBRO
_fc.2
_h35559
_i29220
_si
999 _c24148
_d24148